000 00739nam a2200229 i 4500
001 bg
100 1 _aJaniczek, Roman.
245 1 0 _aMetrologia elektryczna i elektroniczna.
_nCz. 1 /
_cRoman Janiczek.
260 _aOpole :
_bWSI,
_c1996.
300 _a179 s. :
_bfot., rys., wykr. ;
_c24 cm.
490 1 _aSkrypt / Wyższa Szkoła Inżynierska w Opolu,
_x0860-9004 ;
_vnr 188
504 _aBibliogr. s. 177-179.
650 9 _aElektrotechnika
_xpomiary
650 9 _aElektronika
_xpomiary
655 _aPodręczniki akademickie
830 0 _aSkrypt (Wyższa Szkoła Inżynierska w Opolu) ;
_vnr 188
040 _cBPK
041 0 _apl
080 _a621.38:621.317](075.8)
942 _cKS
008 s pl f |000 0 pol
999 _c24966
_d24966
856 _uhttp://koha.tu.koszalin.pl/cgi-bin/koha/opac-detail.pl?biblionumber=24966
_yKatalog online BPK